000 00730nas a2200181 a 4500
008 061107c20069999||||||||||||||||| || u
020 _a9211614880
050 _aUN-ESA(058)NAS
110 _aUnited Nations Economic and Social Affairs (UNESA)
245 1 0 _aNational accounts statistics
260 _aNew York
_bUnited Nations Economic And Social Affairs (UNESA)
_c2006
300 _axi; 265p. ;ill.
350 _a0.00
362 1 _a<p>Analysis of main aggregates, 2003-2004 & 2008; Main aggregates and detailed tables, 2008, 2009, part I-V, part I, detailed tables, 2010; Main aggregates, 2010</p>
650 3 _aP0PULATION STATISTICS
650 0 _aACCOUNTING--HANDBOOKS, MANUALS, ETC
650 _aNATIONAL INCOME--ACCOUNTING
999 _c51890
_d51890